Norma Chilena Oficial NCh 1516. Of79

Uloženo v:
Podrobná bibliografie
Korporace: Instituto Nacional de Normalización (Autor), INN (Autor)
Médium: Kniha
Jazyk:španělština
Vydáno: Santiago Instituto Nacional de Normalización 1979
Vydání:1a. ed
Témata:
Tagy: Přidat tag
Žádné tagy, Buďte první, kdo vytvoří štítek k tomuto záznamu!

MARC

LEADER 00000nam a2200000 a 4500
001 UCK5904
003 CL-VaPUC
008 050826e19790000CL |||||||||||||||||spa|d
082 0 4 |a 624.151  |b INS  |2 21 
110 2 |a Instituto Nacional de Normalización  |e author  |9 494959 
710 2 |a INN  |e author  |9 494960 
245 1 0 |a Norma Chilena Oficial NCh 1516. Of79 
246 1 0 |a Mecánica de suelos - determinación de la densidad en el terreno - método del cono de arena 
250 |a 1a. ed 
300 |a 7 p 
942 |c BK 
945 |d 20050826 00:00:00  |a jcarroza 
260 |a Santiago  |b Instituto Nacional de Normalización  |c 1979 
650 0 |a Mecánica de suelos  |9 260278 
650 0 |a Suelos  |9 260322 
650 7 |a ENSAYOS DE SUELOS  |2 CL-VaPUC  |9 494961 
650 7 |a DENSIDAD  |2 CL-VaPUC  |9 361498 
650 7 |a NORMAS  |2 CL-VaPUC  |9 259606 
583 |a last modification  |c 20050826 00:00:00  |k Rodrigo Vera 
999 |c 314356  |d 314354